Introduction to Computer Science
Saved in:
| Format: | Book |
|---|---|
| Language: | English |
| Tags: |
Add Tag
No Tags, Be the first to tag this record!
|
MARC
| LEADER | 00000nam a22000007a 4500 | ||
|---|---|---|---|
| 008 | 201204b ||||| |||| 00| 0 eng d | ||
| 020 | |a 33434 | ||
| 022 | |a 343434 | ||
| 245 | |a Introduction to Computer Science | ||
| 942 | |a lcc |c BK | ||
| 999 | |c 14 |d 14 | ||